Konkrétne vlastníctvo je prínosom Zabezpečený odbyt dáva šancu myslieť na budúcnosť
Zmeny vlastníctva Cementárne Lietavská Lúčka po r. 1992. Stagnácia výroby a nárast zadlženosti po privatizácii. Po r. 1993 prevzali vlastníci z kupónovej privatizácie od Fondu národného majetku svoje vlastnícke práva, privatizačné fondy predali svoj podiel zahraničným investorom. Prínos vlastníckych...
Guardado en:
| Autor principal: | |
|---|---|
| Formato: | Capítulo de libro |
| Lenguaje: | eslovaco |
| Materias: | |
| Etiquetas: |
Sin Etiquetas, Sea el primero en etiquetar este registro!
|
MARC
| LEADER | 00000naa a2200000 4500 | ||
|---|---|---|---|
| 001 | r017525 | ||
| 005 | 20221205102638.4 | ||
| 041 | 0 | |a slo | |
| 044 | |a SK | ||
| 245 | 1 | 0 | |a Konkrétne vlastníctvo je prínosom |b Zabezpečený odbyt dáva šancu myslieť na budúcnosť |c V. Chudý |
| 520 | |a Zmeny vlastníctva Cementárne Lietavská Lúčka po r. 1992. Stagnácia výroby a nárast zadlženosti po privatizácii. Po r. 1993 prevzali vlastníci z kupónovej privatizácie od Fondu národného majetku svoje vlastnícke práva, privatizačné fondy predali svoj podiel zahraničným investorom. Prínos vlastníckych zmien, organizačné zmeny, výmena manažmentu. Obnova technológie. Ekonomická situácia cementární, výrobná kapacita, vývoz cementu. | ||
| 610 | 2 | 0 | |a Cementáreň Lietavská Lúčka, a.s. Lietavská Lúčka |
| 610 | 2 | 0 | |a manažment |
| 610 | 2 | 0 | |a cement |
| 610 | 2 | 0 | |a cementárne |
| 610 | 2 | 0 | |a akcionári |
| 610 | 2 | 0 | |a investície zo zahraničia |
| 610 | 2 | 0 | |a investori |
| 610 | 2 | 0 | |a investície obnovovacie |
| 610 | 2 | 0 | |a Slovensko |
| 610 | 2 | 0 | |a kapacita výrobná |
| 610 | 2 | 0 | |a objem výroby |
| 610 | 2 | 0 | |a vývoz |
| 100 | 1 | |a Chudý, V. | |